| 000 | 00630nam a22002297a 4500 | ||
|---|---|---|---|
| 999 |
_c3391 _d3391 |
||
| 003 | OSt | ||
| 005 | 20231219155605.0 | ||
| 008 | 231219b ||||| |||| 00| 0 eng d | ||
| 020 | _a9789670697475 | ||
| 040 | _cKH8 | ||
| 082 | _a400 NUR | ||
| 100 |
_aNur Fatihah, _eauthor. |
||
| 245 |
_aKita Semakin Membesar / _cNur Fatihah. |
||
| 260 |
_aJohor ; _bPustaka Nenas , _c2018. |
||
| 300 |
_a24 pages : _bcolor illustration ; _c19 cm x 26 cm. |
||
| 440 | _aSiri Jom Sihat | ||
| 650 | _aMalaysian fiction (Malay) | ||
| 650 | _aChildren's stories, Malay | ||
| 650 | _aMalay fiction | ||
| 830 | _aSiri Jom Sihat | ||
| 942 |
_2ddc _cTR |
||